000 00579nam a2200217Ia 4500
008 160819s9999 xx 000 0 und d
020 _a978-1-84483-12-27
050 _aCUL TP 605
050 _b.J33 2005
100 _aJackson, Michael.
245 _aScotland and its whiskies /
245 _cMichael Jackson; photography by Harry Cory Wright.
260 _aLondon :
260 _bDuncan Baird Pu.,
260 _c2005
300 _a144 pages :
300 _bcolor illustrations ;
300 _c22 cm.
500 _aIncludes index.
650 _aWhisky -- Scotland.
999 _c300650
_d300650